000 00298 a2200133 4500
000 nam a22 7a 4500
005 20260327094451.0
020 _a9789363865778
100 _aR. Carter Hill
245 _aPrinciples of Econometrics
250 _a5th
260 _bWiley
_c2025
942 _cTEXL
999 _c1843557
_d1843557